[Event "Gatineau op U1500"]
[Site "Gatineau CAN"]
[Date "2014.03.01"]
[Round "2"]
[White "Raymond, Robert"]
[Black "Menard, Marc"]
[Result "1/2-1/2"]
[WhiteElo "1348"]
[BlackElo "1456"]
[PlyCount "99"]
[EventDate "2014.02.28"]
[EventType "swiss"]
[EventRounds "5"]
[EventCountry "CAN"]

1. e4 e5 2. Nf3 Nc6 3. Bb5 a6 4. Ba4 Nf6 5. O-O b5 6. Bb3 Be7 7. c3 O-O 8. d4
exd4 9. e5 Ne8 10. cxd4 d6 11. d5 Nxe5 12. Nxe5 dxe5 13. Nc3 Nd6 14. Bc2 Bg5
15. Ne4 Nxe4 16. Bxe4 f5 17. Bc2 Bb7 18. Bb3 Kh8 19. f4 exf4 20. Bxf4 Bf6 21.
Rb1 c5 22. dxc6 Bxc6 23. Qd6 Qb6+ 24. Rf2 Bd4 25. Rbf1 Rad8 26. Qc7 Rd7 27.
Qxb6 Bxb6 28. Kh1 Bxf2 29. Rxf2 Rfd8 30. h3 Bd5 31. Bg5 Bxb3 32. Bxd8 Bxa2 33.
Ba5 g6 34. b4 Bb1 35. g4 Be4+ 36. Kh2 Rd1 37. gxf5 Bxf5 38. h4 Rc1 39. h5 Rc2
40. Rxc2 Bxc2 41. h6 Kg8 42. Kg3 Kf7 43. Kf4 Kf6 44. Bd8+ Ke6 45. Kg5 Bd3 46.
Ba5 Ke7 47. Bb6 Ke6 48. Ba5 Kd5 49. Kf6 Kc4 50. Kg5 1/2-1/2

[Event "Gatineau op U1500"]
[Site "Gatineau CAN"]
[Date "2014.03.01"]
[Round "2"]
[White "Sailus, Christopher"]
[Black "Ethier, Valori"]
[Result "0-1"]
[WhiteElo "1174"]
[BlackElo "1376"]
[PlyCount "56"]
[EventDate "2014.02.28"]
[EventType "swiss"]
[EventRounds "5"]
[EventCountry "CAN"]

1. d4 d5 2. c4 c6 3. Nc3 e5 4. dxe5 d4 5. Ne4 Qa5+ 6. Bd2 Qxe5 7. Qc2 Bf5 8.
Qb3 Bxe4 9. Qxb7 c5 10. Qc8+ Ke7 11. b4 d3 12. Rc1 Bxg2 13. Bxg2 Na6 14. Qxa6
Rd8 15. Qxa7+ Ke6 16. Qb6+ Rd6 17. Qxc5 Qb2 18. Qe3+ Kd7 19. b5 Qxa2 20. Bc6+
Kc7 21. Qf4 Kd8 22. Qxf7 Nf6 23. Bb4 d2+ 24. Bxd2 Qxd2+ 25. Kf1 Qxc1+ 26. Kg2
Qg5+ 27. Kf3 Qf5+ 28. Ke3 Ng4# 0-1

[Event "Gatineau op U1500"]
[Site "Gatineau CAN"]
[Date "2014.03.01"]
[Round "2"]
[White "Simard, Paul"]
[Black "Legare, Gilles"]
[Result "0-1"]
[WhiteElo "1286"]
[BlackElo "1115"]
[PlyCount "99"]
[EventDate "2014.02.28"]
[EventType "swiss"]
[EventRounds "5"]
[EventCountry "CAN"]

1. e4 c5 2. Nf3 e5 3. Nc3 Nc6 4. Bc4 d6 5. h3 Nf6 6. O-O Be7 7. d3 Bd7 8. a4
Nd4 9. Nd5 O-O 10. c3 Nxf3+ 11. Qxf3 Nxd5 12. Bxd5 Bc6 13. Bb3 Bg5 14. Be3 Qf6
15. Qg4 Bh6 16. h4 Rad8 17. Bg5 Bxg5 18. hxg5 Qg6 19. f4 Bd7 20. f5 h5 21. fxg6
Bxg4 22. gxf7+ Kh8 23. Kf2 Kh7 24. Kg3 Be2 25. Rf2 Bxd3 26. Bd5 Rb8 27. Rh1 g6
28. Kh4 Ba6 29. g4 hxg4 30. Kxg4+ Kg7 31. Rh6 b6 32. Rf6 Be2+ 33. Kh4 Bh5 34.
Be6 Rh8 35. Bg4 Rxh6 36. Rf2 Rhh8 37. Rf6 Rbf8 38. Be6 Bd1+ 39. Kg3 Bc2 40. Kf3
Bxa4 41. Bf5 gxf5 42. exf5 Bc6+ 43. Kg3 Rxf7 44. Rg6+ Kf8 45. f6 Be4 46. Rg7
Rxg7 47. fxg7+ Kxg7 48. Kg4 Bg6 49. Kg3 e4 50. Kf4 0-1

[Event "Gatineau op U1500"]
[Site "Gatineau CAN"]
[Date "2014.03.01"]
[Round "3"]
[White "Dupont-Mageau, Nicolas"]
[Black "Simard, Paul"]
[Result "1-0"]
[WhiteElo "1070"]
[BlackElo "1286"]
[PlyCount "87"]
[EventDate "2014.02.28"]
[EventType "swiss"]
[EventRounds "5"]
[EventCountry "CAN"]

1. e4 e5 2. Nf3 Nc6 3. Bc4 Nf6 4. Nc3 Bc5 5. O-O O-O 6. Re1 d6 7. h3 a6 8. a3
b5 9. Ba2 Bb7 10. b4 Bb6 11. Nd5 Nxd5 12. Bxd5 Qf6 13. c3 Rab8 14. Bb2 Rfe8 15.
d4 h6 16. a4 bxa4 17. Qxa4 exd4 18. Bxc6 dxc3 19. Bxe8 cxb2 20. Rab1 Rd8 21.
Bc6 Bxc6 22. Qxc6 Rb8 23. Re2 Qe6 24. Rexb2 Re8 25. Re2 g5 26. Ra1 Rb8 27. Rxa6
Qb3 28. Ra8 Rxa8 29. Qxa8+ Kh7 30. Qd5 Qxd5 31. exd5 Kg6 32. g4 c5 33. dxc6 f6
34. Re7 f5 35. c7 Bxc7 36. Rxc7 fxg4 37. hxg4 h5 38. gxh5+ Kxh5 39. Nxg5 Kxg5
40. Rd7 Kf5 41. Rxd6 Ke5 42. Rd1 Ke4 43. b5 Kf3 44. Kf1 1-0

[Event "Gatineau op U1500"]
[Site "Gatineau CAN"]
[Date "2014.03.01"]
[Round "3"]
[White "Ethier, Valori"]
[Black "Ouimet, Alain H"]
[Result "1/2-1/2"]
[WhiteElo "1376"]
[BlackElo "1350"]
[PlyCount "79"]
[EventDate "2014.02.28"]
[EventType "swiss"]
[EventRounds "5"]
[EventCountry "CAN"]

1. e4 d6 2. d4 Nf6 3. Nc3 c6 4. Nf3 Bg4 5. Be2 h6 6. O-O Bh5 7. Re1 Bg6 8. Bd3
e6 9. Bf4 Nh5 10. Be3 Nf6 11. Bf4 Be7 12. Qd2 Nbd7 13. e5 dxe5 14. dxe5 Nd5 15.
Nxd5 cxd5 16. Bxg6 fxg6 17. Rad1 Nc5 18. Qe2 O-O 19. Rd4 Ne4 20. Be3 Rc8 21.
Red1 Bc5 22. Rxe4 Qc7 23. Rg4 Bxe3 24. Qxe3 Qxc2 25. Rgd4 g5 26. R4d2 Qa4 27.
a3 Qg4 28. Nd4 Rce8 29. Rf1 Rf4 30. f3 Qh5 31. Rdf2 Qg6 32. Ne2 Rf7 33. Qxa7
Rc7 34. Qe3 Rec8 35. Nc3 Rc4 36. Ne2 Rc2 37. Nd4 R2c4 38. Ne2 Rc2 39. Nd4 R2c4
40. Ne2 1/2-1/2

[Event "Gatineau op U1500"]
[Site "Gatineau CAN"]
[Date "2014.03.02"]
[Round "4"]
[White "Raymond, Robert"]
[Black "Ethier, Valori"]
[Result "1-0"]
[WhiteElo "1348"]
[BlackElo "1376"]
[PlyCount "147"]
[EventDate "2014.02.28"]
[EventType "swiss"]
[EventRounds "5"]
[EventCountry "CAN"]

1. e4 c6 2. d3 d5 3. Nd2 Nf6 4. g3 g6 5. Bg2 Bg7 6. Qe2 Bg4 7. f3 Bc8 8. f4 O-O
9. Ngf3 Bg4 10. O-O Na6 11. c3 Qd7 12. Qe3 Bh3 13. e5 Bxg2 14. Kxg2 Ng4 15. Qe2
Nh6 16. Ng5 e6 17. Ndf3 Nf5 18. Nd2 d4 19. Nde4 Rad8 20. Rd1 c5 21. c4 Qc6 22.
Kg1 b6 23. Rb1 Nb4 24. a3 Na6 25. b4 Qc7 26. b5 Nb8 27. Ra1 a6 28. a4 axb5 29.
axb5 Nd7 30. Bd2 Ra8 31. Rxa8 Rxa8 32. Rc1 Ra2 33. Qe1 Qa7 34. Qd1 Qa3 35. Rc2
Qb3 36. Rc1 Qb2 37. Rb1 Qa3 38. Bc1 Qc3 39. Nxc3 dxc3 40. Qb3 Re2 41. Qxc3 Nd4
42. Kf1 Rxh2 43. Kg1 Ne2+ 44. Kxh2 Nxc3 45. Rb3 Ne2 46. Be3 f6 47. exf6 Bxf6
48. Nxe6 Bc3 49. Ra3 Nf6 50. Kh3 Nh5 51. Ra8+ Kf7 52. Ng5+ Kg7 53. Ra7+ Kg8 54.
Ne4 Bg7 55. Rb7 Bh6 56. Rxb6 Nexf4+ 57. gxf4 Bxf4 58. Bxf4 Nxf4+ 59. Kg4 Nxd3
60. Nf6+ Kg7 61. Nd7 Nb2 62. Nxc5 Nxc4 63. Rb7+ Kh6 64. Rb8 Ne3+ 65. Kf4 Nd5+
66. Ke4 Nc3+ 67. Kd4 Nxb5+ 68. Rxb5 g5 69. Ne4 g4 70. Rg5 g3 71. Rxg3 Kh5 72.
Ke3 Kh4 73. Kf3 h5 74. Rg1 1-0

[Event "Gatineau op U1500"]
[Site "Gatineau CAN"]
[Date "2014.03.02"]
[Round "4"]
[White "Simard, Paul"]
[Black "Ketata, Nabil"]
[Result "1-0"]
[WhiteElo "1286"]
[BlackElo "1115"]
[PlyCount "95"]
[EventDate "2014.02.28"]
[EventType "swiss"]
[EventRounds "5"]
[EventCountry "CAN"]

1. e4 d6 2. Nf3 h6 3. Bc4 e6 4. d4 a6 5. Nc3 b5 6. Bb3 Be7 7. Be3 Nc6 8. a3 Na5
9. Ba2 c6 10. Qd2 Nc4 11. Bxc4 bxc4 12. O-O-O Rb8 13. g4 e5 14. d5 Bxg4 15. Qe2
c5 16. Rhg1 Bh5 17. Rxg7 Bf6 18. Rg3 Qb6 19. Kd2 Qxb2 20. Rb1 Bxf3 21. Rxf3
Qxa3 22. Rxb8+ Bd8 23. Qxc4 Qa5 24. Ra8 f6 25. Rxa6 Qc7 26. Ra8 Rh7 27. Qb5+
Rd7 28. Rg3 Kf7 29. Na4 Qb7 30. Qxb7 Rxb7 31. Rxd8 Ne7 32. Rxd6 f5 33. Rf3 f4
34. Ke2 Nc8 35. Nxc5 Rb2 36. Rxh6 Rxc2+ 37. Kd3 Ra2 38. Bxf4 Ra3+ 39. Ke2 exf4
40. Rxa3 f3+ 41. Kxf3 Kg7 42. Raa6 Ne7 43. Rhb6 Kf7 44. Rb7 Ke8 45. Re6 Kf7 46.
Rexe7+ Kf8 47. Rec7 Ke8 48. Rb8# 1-0

[Event "Gatineau op U1500"]
[Site "Gatineau CAN"]
[Date "2014.03.02"]
[Round "5"]
[White "Carabineanu, Marcel"]
[Black "Simard, Paul"]
[Result "1-0"]
[WhiteElo "1315"]
[BlackElo "1286"]
[PlyCount "51"]
[EventDate "2014.02.28"]
[EventType "swiss"]
[EventRounds "5"]
[EventCountry "CAN"]

1. e4 e5 2. Nf3 Nc6 3. Bc4 Nf6 4. Nc3 Bc5 5. h3 O-O 6. d3 a6 7. Bg5 Be7 8. Qd2
h6 9. Bh4 b5 10. Bxf6 Bxf6 11. Bd5 Bb7 12. h4 Qe7 13. g4 g5 14. hxg5 hxg5 15.
O-O-O Rab8 16. a3 Nd4 17. Nxd4 exd4 18. Ne2 c6 19. Bb3 d5 20. exd5 cxd5 21. Rh5
Kg7 22. Nxd4 Bc8 23. Rdh1 Kg8 24. Nc6 Qc7 25. Qxg5+ Bg7 26. Rh8# 1-0

[Event "Gatineau op U1500"]
[Site "Gatineau CAN"]
[Date "2014.03.02"]
[Round "5"]
[White "Tsypin, Allison"]
[Black "Ethier, Valori"]
[Result "1-0"]
[WhiteElo "1300"]
[BlackElo "1376"]
[PlyCount "57"]
[EventDate "2014.02.28"]
[EventType "swiss"]
[EventRounds "5"]
[EventCountry "CAN"]

1. e4 c6 2. d4 d5 3. Nc3 dxe4 4. Nxe4 Nf6 5. Nxf6+ exf6 6. Nf3 Bd6 7. Bd3 O-O
8. Be3 Re8 9. O-O Bg4 10. h3 Bxf3 11. Qxf3 Qc7 12. Qf5 g6 13. Qxf6 Nd7 14. Qf3
Re6 15. Bg5 Rae8 16. Bc4 Nf8 17. Bxe6 Nxe6 18. Rae1 Nxg5 19. Rxe8+ Kg7 20. Qc3
Ne6 21. d5+ Be5 22. Qc4 Qd7 23. Ra8 b5 24. Qxc6 Qe7 25. dxe6 Qb4 26. e7 Qxe7
27. Re8 Qg5 28. Rxe5 Qxe5 29. Qc3 1-0

[Event "Gatineau op U1800"]
[Site "Gatineau CAN"]
[Date "2014.02.??"]
[Round "1"]
[White "Arsenault, Yves"]
[Black "Carlos, Antonio Leon"]
[Result "0-1"]
[WhiteElo "1616"]
[BlackElo "1723"]
[PlyCount "128"]
[EventDate "2014.02.28"]
[EventType "swiss"]
[EventRounds "5"]
[EventCountry "CAN"]

1. e4 e6 2. d4 d5 3. Nd2 c5 4. c3 Nc6 5. Ngf3 cxd4 6. cxd4 dxe4 7. Nxe4 Qd5 8.
Nc3 Bb4 9. Bd2 Qd8 10. Bb5 Nge7 11. O-O O-O 12. Ne2 Qa5 13. Bd3 Rd8 14. Be3 Nd5
15. Bg5 Re8 16. Qc2 h6 17. Bh4 Bd6 18. a3 Bd7 19. Bg3 Bxg3 20. hxg3 Rac8 21.
Qd2 Qb6 22. Nc3 Nf6 23. Rfe1 Ne7 24. Ne4 Nxe4 25. Bxe4 Bc6 26. Ne5 Bxe4 27.
Rxe4 Nd5 28. Nd7 Qd8 29. Nc5 Nf6 30. Re2 Qc7 31. Nb3 Qd6 32. Rae1 Qd5 33. Nc5
Red8 34. Re5 Qxd4 35. Qxd4 Rxd4 36. Nxb7 Rb8 37. Rb5 Rd7 38. Nd6 Rxb5 39. Nxb5
Rb7 40. Re5 Nd5 41. Nc3 Nxc3 42. bxc3 Rb1+ 43. Kh2 Rb3 44. Ra5 Rxc3 45. Rxa7
Kf8 46. a4 Ra3 47. a5 h5 48. a6 g5 49. f4 g4 50. Ra8+ Kg7 51. a7 Ra1 52. Rb8
Rxa7 53. Rb5 Kg6 54. Rg5+ Kh6 55. Kg1 Ra2 56. Re5 Rd2 57. Kf1 Rd5 58. Rxd5 exd5
59. Ke2 Kg6 60. Ke3 Kf5 61. Kf2 Ke4 62. Ke2 f5 63. Kd2 Kd4 64. Ke2 Kc3 0-1

[Event "Gatineau op U1800"]
[Site "Gatineau CAN"]
[Date "2014.02.??"]
[Round "1"]
[White "Danilov, Alex"]
[Black "Bilodeau, Victor"]
[Result "1/2-1/2"]
[WhiteElo "1843"]
[BlackElo "1647"]
[PlyCount "81"]
[EventDate "2014.02.28"]
[EventType "swiss"]
[EventRounds "5"]
[EventCountry "CAN"]

1. Nf3 d5 2. c4 Nf6 3. b3 g6 4. Bb2 Bg7 5. g3 O-O 6. Bg2 Nc6 7. e3 Bg4 8. h3
Bxf3 9. Bxf3 e6 10. O-O Re8 11. d4 Ne7 12. Nd2 c6 13. Qc2 Qc7 14. Bg2 Rac8 15.
Rae1 Nf5 16. e4 dxe4 17. Nxe4 Nxe4 18. Rxe4 Red8 19. Rd1 Rd7 20. Bc3 Rcd8 21.
Qb2 Nd6 22. Ree1 Nf5 23. Re4 c5 24. d5 Bxc3 25. Qxc3 Nd4 26. Ree1 b6 27. Kh1
exd5 28. cxd5 Re7 29. Rxe7 Qxe7 30. Re1 Qf6 31. Qe3 Nc2 32. Qe7 Qxe7 33. Rxe7
Nb4 34. Rxa7 Nxd5 35. Rb7 Nc3 36. a4 Rd6 37. Bf3 Nb1 38. Kg2 Nd2 39. Be2 h5 40.
Bb5 Rf6 41. Bc4 1/2-1/2

[Event "Gatineau op U1800"]
[Site "Gatineau CAN"]
[Date "2014.03.??"]
[Round "2"]
[White "Danis, Jacques"]
[Black "Peters, Romy"]
[Result "1/2-1/2"]
[WhiteElo "1528"]
[BlackElo "1697"]
[PlyCount "99"]
[EventDate "2014.02.28"]
[EventType "swiss"]
[EventRounds "5"]
[EventCountry "CAN"]

1. d4 d5 2. Bg5 c6 3. e3 Nd7 4. f4 Ngf6 5. Nf3 e6 6. Bd3 Be7 7. O-O Ne4 8. Bxe7
Qxe7 9. Bxe4 dxe4 10. Nfd2 Nf6 11. c4 O-O 12. Nc3 c5 13. Ndxe4 Nxe4 14. Nxe4
cxd4 15. Qxd4 Rd8 16. Qc3 Bd7 17. Rfd1 Bc6 18. Nf2 Rac8 19. Rxd8+ Rxd8 20. Rd1
Rxd1+ 21. Nxd1 Qh4 22. Qd2 h6 23. Nc3 a6 24. b4 Qf6 25. a4 Bxa4 26. Qd4 Bc6 27.
Qxf6 gxf6 28. c5 Kg7 29. e4 Kg6 30. Kf2 f5 31. e5 f6 32. exf6 Kxf6 33. g3 e5
34. Ke3 h5 35. h4 Ke6 36. Kd3 Bb5+ 37. Ke3 Bc4 38. Na4 Bf1 39. Nc3 Bg2 40. Kd3
Bd5 41. Nxd5 Kxd5 42. fxe5 Kxe5 43. Ke3 Kd5 44. Kd3 Ke6 45. Ke2 Kd5 46. Kd3 Kc6
47. Kc4 b6 48. cxb6 Kxb6 49. Kd4 Kc6 50. Kc4 1/2-1/2

[Event "Gatineau op U1800"]
[Site "Gatineau CAN"]
[Date "2014.03.??"]
[Round "2"]
[White "Seguin, Hubert"]
[Black "Danilov, Alex"]
[Result "1/2-1/2"]
[WhiteElo "1593"]
[BlackElo "1843"]
[PlyCount "42"]
[EventDate "2014.02.28"]
[EventType "swiss"]
[EventRounds "5"]
[EventCountry "CAN"]

1. e4 c5 2. Nc3 e6 3. g3 Nc6 4. Bg2 d6 5. d3 Bd7 6. Nge2 a6 7. a4 Qc7 8. Be3
Nf6 9. f4 Rc8 10. O-O Ng4 11. Qd2 Nxe3 12. Qxe3 Nd4 13. Nxd4 cxd4 14. Qxd4 d5
15. Kh1 dxe4 16. dxe4 Qc4 17. Rad1 Qxd4 18. Rxd4 Bc5 19. Rd2 Bb4 20. Rfd1 Bc6
21. Rd4 Bc5 1/2-1/2

[Event "Gatineau op U1800"]
[Site "Gatineau CAN"]
[Date "2014.03.??"]
[Round "3"]
[White "Langer, Herb"]
[Black "Danilov, Alex"]
[Result "0-1"]
[WhiteElo "1694"]
[BlackElo "1843"]
[PlyCount "72"]
[EventDate "2014.02.28"]
[EventType "swiss"]
[EventRounds "5"]
[EventCountry "CAN"]

1. d4 Nf6 2. c4 e6 3. Nc3 Bb4 4. Qc2 O-O 5. Nf3 d6 6. Bd2 c5 7. e3 cxd4 8. exd4
d5 9. cxd5 exd5 10. Bd3 Re8+ 11. Ne2 Nc6 12. O-O Bg4 13. a3 Bxf3 14. gxf3 Bd6
15. Ng3 Nxd4 16. Qd1 Rc8 17. Rc1 Rxc1 18. Bxc1 Ne6 19. Bb5 Re7 20. b4 a6 21.
Ba4 b5 22. Bb3 Re8 23. Bxd5 Bxg3 24. Bxe6 Bxh2+ 25. Kxh2 Qc7+ 26. Kg2 Rxe6 27.
Be3 Ne8 28. f4 Rg6+ 29. Kf3 Nd6 30. Qd5 Qc8 31. Bc5 Qg4+ 32. Ke3 Re6+ 33. Kd3
Qe2+ 34. Kc3 Ne4+ 35. Kb3 Nd2+ 36. Kc3 Nxf1 0-1

[Event "Gatineau op U1800"]
[Site "Gatineau CAN"]
[Date "2014.03.??"]
[Round "4"]
[White "Danilov, Alex"]
[Black "Peters, Romy"]
[Result "1-0"]
[WhiteElo "1843"]
[BlackElo "1697"]
[PlyCount "68"]
[EventDate "2014.02.28"]
[EventType "swiss"]
[EventRounds "5"]
[EventCountry "CAN"]

1. e4 e6 2. Nf3 d5 3. exd5 exd5 4. d4 Nf6 5. c4 dxc4 6. Bxc4 Bd6 7. Nc3 Qe7+ 8.
Be2 O-O 9. O-O Bg4 10. h3 Be6 11. Re1 c6 12. Ng5 Re8 13. Bc4 Qd7 14. Nxe6 fxe6
15. Bg5 Qf7 16. Bxf6 Qxf6 17. Qb3 b6 18. Ne4 Qd8 19. Nxd6 Qxd6 20. Rxe6 Rxe6
21. Bxe6+ Kh8 22. d5 c5 23. Qb5 g6 24. Qe8+ Kg7 25. Qf7+ Kh6 26. Qb7 Na6 27.
Qxa8 Nc7 28. Qg8 Qe5 29. Qf8+ Kh5 30. Bg4+ Kg5 31. g3 Nxd5 32. f4+ Nxf4 33.
gxf4+ Qxf4 34. Qxf4+ Kxf4 1-0

[Event "Gatineau op U1800"]
[Site "Gatineau CAN"]
[Date "2014.03.??"]
[Round "5"]
[White "Kearnan, Daniel"]
[Black "Danilov, Alex"]
[Result "0-1"]
[WhiteElo "1715"]
[BlackElo "1843"]
[PlyCount "72"]
[EventDate "2014.02.28"]
[EventType "swiss"]
[EventRounds "5"]
[EventCountry "CAN"]

1. d4 Nf6 2. c4 e6 3. Nc3 Bb4 4. Qc2 O-O 5. a3 Bxc3+ 6. Qxc3 b5 7. Bg5 bxc4 8.
Qxc4 Ba6 9. Qc2 h6 10. Bh4 Nc6 11. e3 Bxf1 12. Kxf1 g5 13. Bg3 Nh5 14. Nf3 Rc8
15. Rd1 Ne7 16. Ne5 f5 17. Qe2 Nf6 18. f4 d6 19. fxg5 hxg5 20. h4 Ne4 21. Bh2
g4 22. Bf4 Nd5 23. Qe1 dxe5 24. Bxe5 Qd7 25. Kg1 Qa4 26. h5 Qb3 27. Bf4 Nxf4
28. exf4 Rcd8 29. h6 Kh7 30. Rc1 Rd7 31. Qa5 Qe3+ 32. Kh2 Qxf4+ 33. Kg1 Qxc1+
34. Kh2 Qf4+ 35. Kg1 Qe3+ 36. Kh2 g3+ 0-1

[Event "Grand Pacific op"]
[Site "Victoria CAN"]
[Date "2014.04.18"]
[Round "1.3"]
[White "Sohal, Tanraj"]
[Black "Leblanc, Paul"]
[Result "1-0"]
[WhiteElo "2355"]
[BlackElo "1913"]
[PlyCount "109"]
[EventDate "2014.04.18"]
[EventType "swiss"]
[EventRounds "6"]
[EventCountry "CAN"]

1. d4 d5 2. c4 c6 3. cxd5 cxd5 4. Bf4 Nc6 5. e3 Nf6 6. Nc3 Bf5 7. Qb3 Na5 8.
Bb5+ Bd7 9. Qa4 Nc6 10. Nf3 a6 11. Bxc6 Bxc6 12. Qb3 e6 13. Ne5 Bd6 14. Nxc6
bxc6 15. Bxd6 Qxd6 16. O-O O-O 17. Na4 Ng4 18. g3 g5 19. h3 Nh6 20. Nc5 Nf5 21.
Kg2 e5 22. Qc3 e4 23. Rac1 Ne7 24. f4 h6 25. f5 f6 26. Qe1 Rf7 27. g4 h5 28.
Qg3 Qxg3+ 29. Kxg3 h4+ 30. Kf2 Rff8 31. Rc3 Rfb8 32. Rb1 Kf7 33. Ra3 Rb6 34.
Ra5 Rab8 35. Na4 R6b7 36. Rxa6 Rb4 37. Ke2 R4b5 38. b3 R5b7 39. Rc1 Rg8 40. Nc5
Rc7 41. b4 Rb8 42. a3 Rg8 43. a4 Rb8 44. Rb1 Rg8 45. b5 cxb5 46. axb5 Rb8 47.
b6 Rc6 48. b7 Rc7 49. Ra8 Nc6 50. Rxb8 Nxb8 51. Ra1 Re7 52. Ra8 Re8 53. Ne6 Nc6
54. Rxe8 Kxe8 55. Nc7+ 1-0

[Event "Grand Pacific op"]
[Site "Victoria CAN"]
[Date "2014.04.18"]
[Round "1.4"]
[White "Brown, Rod"]
[Black "Rohonyan, Katerina"]
[Result "0-1"]
[WhiteElo "1907"]
[BlackElo "2351"]
[PlyCount "58"]
[EventDate "2014.04.18"]
[EventType "swiss"]
[EventRounds "6"]
[EventCountry "CAN"]

1. c4 e5 2. Nc3 Nc6 3. d3 g6 4. g3 Bg7 5. Bg2 d6 6. e4 Nge7 7. Nge2 O-O 8. O-O
a6 9. Rb1 Rb8 10. a4 a5 11. b3 f5 12. f4 Be6 13. Nd5 Qd7 14. Nec3 fxe4 15. dxe4
Bh3 16. Nxe7+ Nxe7 17. Nd5 Bxg2 18. Kxg2 exf4 19. Bxf4 Nc6 20. Nxc7 Qxc7 21.
Bxd6 Rxf1 22. Qd5+ Qf7 23. Rxf1 Qxd5 24. exd5 Rd8 25. Bc7 Rc8 26. Bb6 Bd4 27.
c5 Ne5 28. Rc1 Nd7 29. Bxa5 Rxc5 0-1

[Event "Grand Pacific op"]
[Site "Victoria CAN"]
[Date "2014.04.18"]
[Round "1.5"]
[White "Berry, Jonathan"]
[Black "Roback, Joe"]
[Result "1-0"]
[WhiteElo "2302"]
[BlackElo "1849"]
[PlyCount "101"]
[EventDate "2014.04.18"]
[EventType "swiss"]
[EventRounds "6"]
[EventCountry "CAN"]

1. e4 c5 2. a3 d6 3. b4 cxb4 4. axb4 Nf6 5. Nc3 g6 6. Nf3 Bg7 7. Rb1 O-O 8. Bd3
Bg4 9. h3 Bxf3 10. Qxf3 Nc6 11. Qe3 Nd7 12. O-O Nce5 13. Be2 Nb6 14. d4 Nec4
15. Qd3 e6 16. f4 Qf6 17. e5 Qe7 18. Ne4 Rfd8 19. Qb3 Rac8 20. Ra1 a6 21. c3
Qc7 22. Ra2 Bf8 23. g4 Be7 24. exd6 Nxd6 25. Nc5 Ne8 26. Bf3 Nd5 27. f5 Bxc5
28. bxc5 Qd7 29. fxe6 fxe6 30. Bg5 Rb8 31. Raf2 Rdc8 32. Bxd5 exd5 33. Rf8+ Kg7
34. R1f7+ Qxf7 35. Bh6+ Kf6 36. Rxf7+ Kxf7 37. Qxd5+ Ke7 38. Bg5+ Kf8 39. Bf4
Rd8 40. Qe6 Rbc8 41. Bh6+ Ng7 42. Qf6+ Ke8 43. Qe5+ Kd7 44. Qxg7+ Kc6 45. Qxh7
Rg8 46. Qf7 Rce8 47. Qf3+ Kc7 48. Bf4+ Kc8 49. c6 Re1+ 50. Kf2 Rb1 51. cxb7+
1-0

[Event "Grand Pacific op"]
[Site "Victoria CAN"]
[Date "2014.04.18"]
[Round "1.8"]
[White "Ingram, Richard"]
[Black "Day, Lawrence"]
[Result "1-0"]
[WhiteElo "1823"]
[BlackElo "2237"]
[PlyCount "85"]
[EventDate "2014.04.18"]
[EventType "swiss"]
[EventRounds "6"]
[EventCountry "CAN"]

1. e4 g6 2. d4 d6 3. Nc3 a6 4. h3 b5 5. Nf3 Bb7 6. a3 Nd7 7. Bf4 Bg7 8. Qd2 e5
9. Bg5 f6 10. Be3 Ne7 11. Rd1 O-O 12. dxe5 Nxe5 13. Be2 Nxf3+ 14. Bxf3 f5 15.
Bd4 Bxd4 16. Qxd4 fxe4 17. Bxe4 Nf5 18. Bd5+ Bxd5 19. Qxd5+ Kg7 20. O-O Rb8 21.
Ne4 Re8 22. Rfe1 Qe7 23. Qd2 Qe5 24. Nxd6 Qxd6 25. Qc3+ Nd4 26. Rxe8 Rxe8 27.
Rxd4 Re1+ 28. Qxe1 Qxd4 29. Qe7+ Kh6 30. Qe3+ Qxe3 31. fxe3 Kg5 32. Kf2 h5 33.
g3 Kf5 34. Kf3 g5 35. e4+ Ke5 36. h4 g4+ 37. Ke3 c5 38. b3 a5 39. a4 bxa4 40.
bxa4 Ke6 41. Kf4 Kf6 42. e5+ Ke6 43. c4 1-0

[Event "Grand Pacific op"]
[Site "Victoria CAN"]
[Date "2014.04.18"]
[Round "1.9"]
[White "Villavieja, Butch"]
[Black "Casana, Aquiles"]
[Result "1-0"]
[WhiteElo "2236"]
[BlackElo "1814"]
[PlyCount "73"]
[EventDate "2014.04.18"]
[EventType "swiss"]
[EventRounds "6"]
[EventCountry "CAN"]

1. e4 c6 2. d4 d5 3. Nc3 dxe4 4. Nxe4 Bf5 5. Ng3 Bg6 6. Nf3 Nd7 7. h4 h6 8. h5
Bh7 9. Bd3 Bxd3 10. Qxd3 Ngf6 11. Bf4 e6 12. O-O-O Nd5 13. Bd2 N7f6 14. Ne5 Qc7
15. c4 Nb6 16. Bf4 O-O-O 17. Ng6 Bd6 18. Bxd6 Qxd6 19. c5 Qd5 20. Ne7+ Kb8 21.
Nxd5 Nbxd5 22. Ne4 Nxe4 23. Qxe4 Nf6 24. Qf4+ Ka8 25. g4 Rd5 26. Rd3 Rhd8 27.
Rhd1 R8d7 28. f3 Ne8 29. Qe3 Nc7 30. f4 b6 31. cxb6 axb6 32. Kb1 Kb7 33. g5 Rf5
34. d5 exd5 35. Rb3 b5 36. gxh6 gxh6 37. Qh3 1-0

[Event "Grand Pacific op"]
[Site "Victoria CAN"]
[Date "2014.04.18"]
[Round "1.10"]
[White "Ding, Jill"]
[Black "Wu, Howard"]
[Result "0-1"]
[WhiteElo "1810"]
[BlackElo "2236"]
[PlyCount "56"]
[EventDate "2014.04.18"]
[EventType "swiss"]
[EventRounds "6"]
[EventCountry "CAN"]

1. e4 g6 2. d4 Bg7 3. Nc3 d6 4. Be3 Nf6 5. h3 O-O 6. Nf3 c6 7. Bd3 b5 8. a3 a6
9. O-O Qc7 10. Bg5 e5 11. Bxf6 Bxf6 12. d5 c5 13. Qd2 Bg7 14. Nd1 c4 15. Be2
Nd7 16. Re1 Nc5 17. Bf1 f5 18. Nc3 Bd7 19. Qe3 Qd8 20. Nd2 Qh4 21. g3 Qh5 22.
Qe2 Qh6 23. Kh2 f4 24. Bg2 Rf7 25. Rf1 Raf8 26. Rac1 f3 27. Nxf3 Bg4 28. Qd2
Bxf3 0-1

[Event "Grand Pacific op"]
[Site "Victoria CAN"]
[Date "2014.04.19"]
[Round "2.1"]
[White "Sasata, Robert"]
[Black "Kenney, Jason"]
[Result "1-0"]
[WhiteElo "2385"]
[BlackElo "2189"]
[PlyCount "85"]
[EventDate "2014.04.18"]
[EventType "swiss"]
[EventRounds "6"]
[EventCountry "CAN"]

1. d4 d5 2. c4 e6 3. Nc3 c5 4. e3 cxd4 5. exd4 Nf6 6. Nf3 Nc6 7. Bd3 dxc4 8.
Bxc4 Be7 9. O-O O-O 10. Re1 b6 11. a3 Bb7 12. Ba2 Rc8 13. Bg5 Nd5 14. Ne4 Bxg5
15. Nexg5 h6 16. Ne4 Nf6 17. Nc3 Ne7 18. Ne5 Nf5 19. Qa4 Qxd4 20. Qxa7 Ng4 21.
Nxg4 Bxg2 22. Qa4 Bb7 23. Ne5 Qd2 24. Re2 Qg5+ 25. Qg4 Qxg4+ 26. Nxg4 Bf3 27.
Ne3 Bxe2 28. Nxf5 exf5 29. Nxe2 Rc2 30. Nd4 Rxb2 31. Nxf5 Rd8 32. Bd5 g6 33.
Ne3 Rc8 34. Nc4 Rc2 35. Nxb6 Rb8 36. Nc4 Rb5 37. Ne3 Rcc5 38. a4 Ra5 39. Kg2
Kg7 40. Bb3 Rc3 41. Bc4 f5 42. Bb5 Ra7 43. Rd1 1-0

[Event "Grand Pacific op"]
[Site "Victoria CAN"]
[Date "2014.04.19"]
[Round "2.2"]
[White "Doknjas, John"]
[Black "Sohal, Tanraj"]
[Result "1/2-1/2"]
[WhiteElo "2127"]
[BlackElo "2355"]
[PlyCount "82"]
[EventDate "2014.04.18"]
[EventType "swiss"]
[EventRounds "6"]
[EventCountry "CAN"]

1. d4 Nf6 2. c4 e6 3. Nc3 Bb4 4. e3 O-O 5. Nge2 c6 6. a3 Ba5 7. b4 Bc7 8. e4 d5
9. e5 Ne8 10. cxd5 exd5 11. g3 f6 12. f4 a5 13. b5 f5 14. Bg2 Kh8 15. O-O Nd7
16. bxc6 bxc6 17. Na4 Nb6 18. Nxb6 Bxb6 19. Nc3 Nc7 20. Be3 Ba6 21. Rf2 Ne6 22.
Rb2 Ba7 23. Rc1 Bc4 24. Na4 Qe7 25. Bf1 c5 26. Nxc5 Nxc5 27. Bxc4 dxc4 28. dxc5
Bxc5 29. Bxc5 Qxc5+ 30. Kg2 Qxa3 31. Rbc2 Rad8 32. Qe2 Rc8 33. Rc3 Qb4 34. Rxc4
Qb7+ 35. Qf3 Qb2+ 36. Kh3 Rcd8 37. R1c2 Qb1 38. Rc1 Qb2 39. R1c2 Qb1 40. Rc1
Qb6 41. R1c2 Qb1 1/2-1/2

[Event "Grand Pacific op"]
[Site "Victoria CAN"]
[Date "2014.04.19"]
[Round "2.3"]
[White "Rohonyan, Katerina"]
[Black "Patterson, Roger"]
[Result "1/2-1/2"]
[WhiteElo "2351"]
[BlackElo "2108"]
[PlyCount "63"]
[EventDate "2014.04.18"]
[EventType "swiss"]
[EventRounds "6"]
[EventCountry "CAN"]

1. e4 e5 2. Nf3 Nc6 3. Bc4 Bc5 4. b4 Bb6 5. a4 a6 6. O-O Nf6 7. Nc3 d6 8. Rb1
O-O 9. d3 Nd4 10. h3 h6 11. a5 Ba7 12. Be3 Nxf3+ 13. Qxf3 Be6 14. Bxa7 Rxa7 15.
Qe3 Ra8 16. Rfd1 Qe7 17. Bxe6 fxe6 18. d4 exd4 19. Rxd4 e5 20. Rd2 Rf7 21. Rbd1
Qe6 22. Nd5 Nxd5 23. Rxd5 Raf8 24. R1d2 Qe8 25. c4 Rf4 26. c5 Qa4 27. cxd6 cxd6
28. Rxd6 Qxb4 29. Rb6 Qxa5 30. Rxb7 R8f7 31. Rb8+ Rf8 32. Rb7 1/2-1/2